Tourism, transport and travel management (Record no. 31644)

MARC details
000 -LEADER
fixed length control field 00453nam a2200169Ia 4500
008 - FIXED-LENGTH DATA ELEMENTS--GENERAL INFORMATION
fixed length control field 230917s9999||||xx |||||||||||||| ||und||
020 ## - ISBN
Price GBP39.99
040 ## - CATALOGING SOURCE
-- 256163
Original cataloging agency VIVEKANANDA LIBRARY
041 ## - Language
-- English
082 ## - DDC NUMBER
Classification number 338.4791 D571T
100 ## - MAIN ENTRY--PERSONAL NAME
Personal name Dileep, M R
245 #0 - TITLE STATEMENT
Title Tourism, transport and travel management
260 ## - PUBLICATION, DISTRIBUTION, ETC. (IMPRINT)
Place of publication, distribution, etc Oxon
Name of publisher, distributor, etc Routledge
Date of publication, distribution, etc 2019
300 ## - PHYSICAL DESCRIPTION
Pages xxi, 470 p.
500 ## - GENERAL NOTE
General note 3504 15/07/2019 RBP19/76583 30/08/2019 IHTM (SFS)
942 ## - ADDED ENTRY ELEMENTS (KOHA)
Koha item type Books
Holdings
Withdrawn status Lost status Damaged status Not for loan Location (home branch) Sublocation or collection (holding branch) Shelving location Date acquired Koha issues (times borrowed) Koha full call number Accession No. Koha date last seen Koha item type
        VIVEKANANDA LIBRARY VIVEKANANDA LIBRARY IHTM Library 10/10/2019   338.4791 D571T 389158 17/09/2023 Books
© Designed and Maintained by Vivekananda Library, MDU Rohtak